000 00426cam a2200181 4500
001 D1324
008 090401t1983 xxu||||| |||| 00| 0 eng d
035 _a(Sirsi) u63445
041 _aeng
050 _a333.332026
100 _aBaum, Andrew
245 _aStatutory valuations
260 _aLondon
_bRoutledge and Kegan Paul
_c1983
300 _axxxii. 312p. 22cm
350 _a15.95
942 _n0
948 _c04/03/1997
999 _c94562
_d94562